000 00716nam a2200253Ia 4500
003 OSt
005 20220928114530.0
006 a|||||r|||| 00| 0
007 ta
008 220927b |||||||| |||| 00| 0 eng d
020 _cUKP 16.99
024 _a140841
037 _b225, 06/03/2019, Classic Book Service
_cTextual
040 _aSDCL
_cSDCL
_beng
041 _2eng
_aeng
082 _aR391, Q9
100 _aZahavi Dan
_9439471
245 0 _aPhenomenlogy
_b The basics
260 _aLondon
_bRoutledge New York
_c2019
300 _ax,158p.
_ccm.
650 _aPhilosophy
942 _hR391, Q9
_cTEXL
_2CC
999 _c755160
_d755160